000
00294nam a22001337a 4500
008
170713b xxu||||| |||| 00| 0 eng d
020
_a
0198750080
041
_a
eng
080
_a
101
100
_a
24
101
_a
FIL
245
_a
THE PHILOSOPHY OF SCIENCE
_c
NIDDITCH,P.H
942
_2
udc
_c
BK
999
_c
20662
_d
20662